000 00623cam a2200205 4500500
005 20260405002746.0
041 _afre
042 _adc
100 1 0 _aPortevin, Catherine
_eauthor
700 1 0 _aPortevin, Catherine
_eauthor
245 0 0 _aSur la piste animale
260 _c2018.
500 _a37
690 _aAnimal
690 _aBaptiste Morizot
690 _aClaude Lévi-Strauss
690 _aVinciane Despret
786 0 _nPhilosophie magazine | 121 | 8 | 2018-07-01 | p. 47-47 | 1951-1787
856 4 1 _uhttps://shs.cairn.info/magazine-philosophie-magazine-2018-8-page-47?lang=fr&redirect-ssocas=7080
999 _c2060824
_d2060824